Cell and tissue ultrastructure. A functional perspective.
Bewaard in:
| Hoofdauteurs: | , |
|---|---|
| Formaat: | Boek |
| Taal: | Engels |
| Gepubliceerd in: |
New York, USA:
W.H. Freeman,
1993
|
| Onderwerpen: | |
| Tags: |
Voeg label toe
Geen labels, Wees de eerste die dit record labelt!
|
MARC
| LEADER | 00000nam a22000007a 4500 | ||
|---|---|---|---|
| 003 | CL-VaPUC | ||
| 005 | 20220824074414.0 | ||
| 008 | 220316b1993 ||||| |||| 00| 0 eng d | ||
| 999 | |c 434864 |d 434862 | ||
| 020 | |a 0716770334 | ||
| 040 | |c Pontificia Universidad Católica de Valparaíso | ||
| 082 | |a 611.018 CRO 1993 |2 22 | ||
| 100 | 1 | |a Cross, Patricia C |e author |9 867226 | |
| 245 | 1 | |a Cell and tissue ultrastructure. |b A functional perspective. | |
| 260 | |a New York, USA: |b W.H. Freeman, |c 1993 | ||
| 300 | |a xii, 420 páginas | ||
| 583 | |c 20220316 |k Cristina María Rojas Aguilar | ||
| 650 | 0 | |a Histología |9 264868 | |
| 650 | |a Ultraestructura celular |9 867227 | ||
| 700 | |a Mercer, K. Lynne. |e author |9 867228 | ||
| 942 | |2 ddc |c BK | ||
| 952 | |0 0 |1 0 |2 ddc |4 0 |6 611_018000000000000_CRO_1993 |7 0 |8 A |9 581874 |a BIBCUR |b BIBCUR |c GEN |d 2022-03-16 |i 3450546 |o 611.018 CRO 1993 |p 3450546 |r 2025-04-22 |w 2022-03-16 |y BK |k BCB | ||